Кримінальна відповідальність за порушення правил несення прикордонної служби (Запис № 571106)
[ простий вигляд ]
| 000 -Лідер | |
|---|---|
| fixed length control field | 02828nam a22002417a 4500 |
| 003 - Ідентифікатор контрольного номера | |
| control field | UA-OsUOA |
| 005 - Дата та час останнього входження (трансакції) | |
| control field | 20210804122249.0 |
| 008 - Елементи даних фіксованої довжини – загальна інформація | |
| fixed length control field | 210804b un ||||| |||| 00| 0 ukr d |
| 040 ## - Джерело каталогізації | |
| Агенція оригінальної каталогізації | UA-OsUOA |
| Мова каталогізації | ukr |
| Агенція, яка здійснювала перезапис | UA-OsUOA |
| Агенція, яка здійснювала модифікацію | UA-OsUOA |
| 041 ## - Код мови | |
| Код мови тексту/ звукової доріжки чи окремого заголовка (П) | ukr |
| 080 ## - Індекс Універсальної десяткової класифікації | |
| Індекс Універсальної десяткової класифікації (УДК) (НП) | 343.34:344.131(477) |
| 090 ## - Локальний шифр розміщення | |
| Класифікаційний індекс УДК | 343.34:344.131(477) |
| 095 ## - Код спеціальності для авторефератів | |
| Код спеціальності | 12.00.08 |
| Назва спеціальності | кримінальне право та кримінологія кримінально-виконавче право |
| 100 ## - Основне введення – ім’я особи | |
| Ім’я особи (НП) | Курилюк Ю. Б. |
| 245 ## - Відомості про назву | |
| Назва (НП) | Кримінальна відповідальність за порушення правил несення прикордонної служби |
| Дані про відповідальність (НП) | Курилюк Юрій Богданович ; наук. керівник Карпенко Микола Іванович |
| 260 ## - Публікація, розповсюдження і т.п. (Вихідні дані) | |
| Місце публікації, розповсюдження і т.п. (П) | Запоріжжя |
| Дата публікації, розповсюдження і т.п. (П) | 2014 |
| 300 ## - Фізичний опис | |
| Обсяг | 20 с. |
| 502 ## - Примітка про дисертацію | |
| Зв'язок | Автореферат дисертації на здобуття наукового ступеня кандидата юридичних наук<br/> |
| Наймення інституції, що представляється | Класичний приватний університет |
| Рік отримання вченого ступеня | 2014 |
| 520 ## - Резюме і т.п. | |
| Резюме, реферат, анотація, тощо (НП) | Дисертація є першим у сучасній Україні комплексним дослідженням проблем кримінально-правової відповідальності за порушення правил несення прикордонної служби.<br/>У роботі вперше проаналізовано джерела й сучасний стан суспільних відносин, що стосуються кримінальної відповідальності за порушення правил несення прикордонної служби на теренах Української держави, здійснено порівняльно-правову характеристику цього злочину за законодавством України та деяких закордонних держав. Визначено поняття та суспільну небезпечність злочинного порушення правил несення прикордонної служби, досліджено об’єктивні та суб’єктивні ознаки злочину, передбаченого ст. 419 КК, розглянуто проблеми призначення покарання за вчинення цього злочину, а також виявлено недоліки чинного законодавства про кримінальну відповідальність в досліджуваній сфері та запропоновано шляхи їх усунення. |
| 650 ## - Додаткове предметне введення – тематичний термін | |
| Джерело заголовка чи терміна | UDC |
| Тематичний термін чи географічна назва, як елемент введення (НП) | 343 Кримінальне право. Карні порушення |
| 942 ## - Додаткові елементи входу (Коха) | |
| Source of classification or shelving scheme | Universal Decimal Classification |
| Тип елемента Koha | Автореферат |
| 955 ## - Код типу видання за змістом | |
| Код типу видання за змістом (НП) | Наукові видання |
Немає доступних примірників.